<?xml version="1.0" encoding="UTF-8"?>
<record
    xmlns:xsi="http://www.w3.org/2001/XMLSchema-instance"
    xsi:schemaLocation="http://www.loc.gov/MARC21/slim http://www.loc.gov/standards/marcxml/schema/MARC21slim.xsd"
    xmlns="http://www.loc.gov/MARC21/slim">

  <leader>01723nam a2200205 a 4500</leader>
  <controlfield tag="008">180524e2007    ag ||||| |||| 00| f spa d</controlfield>
  <datafield tag="020" ind1=" " ind2=" ">
    <subfield code="a">9789500428651</subfield>
  </datafield>
  <datafield tag="041" ind1=" " ind2=" ">
    <subfield code="a">spa</subfield>
  </datafield>
  <datafield tag="092" ind1=" " ind2=" ">
    <subfield code="c">808</subfield>
    <subfield code="l">79</subfield>
    <subfield code="s">SMI</subfield>
  </datafield>
  <datafield tag="100" ind1="1" ind2=" ">
    <subfield code="a">Smith, Wilbur</subfield>
    <subfield code="9">3935</subfield>
  </datafield>
  <datafield tag="245" ind1=" " ind2="3">
    <subfield code="a">El soberano del Nilo /</subfield>
    <subfield code="b">Wilbur Smith</subfield>
  </datafield>
  <datafield tag="250" ind1=" " ind2=" ">
    <subfield code="a">4a ed.</subfield>
    <subfield code="b">Traducci&#xF3;n Agustin Pico Estrada</subfield>
  </datafield>
  <datafield tag="260" ind1=" " ind2=" ">
    <subfield code="a">Buenos Aires:</subfield>
    <subfield code="b">Emece;</subfield>
    <subfield code="c">2007.</subfield>
  </datafield>
  <datafield tag="300" ind1=" " ind2=" ">
    <subfield code="a">480 p.</subfield>
  </datafield>
  <datafield tag="500" ind1=" " ind2=" ">
    <subfield code="a">Smith, W. (2007). El soberano del Nilo. (1a ed.). Buenos Aires : Emec&#xE9;.</subfield>
  </datafield>
  <datafield tag="505" ind1=" " ind2=" ">
    <subfield code="a">Wilbur Smith regresa con la esperada secuela de su apasionante serie egipcia. Despu&#xE9;s de R&#xED;o sagrado, El s&#xE9;ptimo papiro y Hechicero, esta nueva novela contin&#xFA;a la historia del mago Taita, sabio conocedor de los poderes de los antiguos dioses y maestro de lo sobrenatural. Egipto azotado por una serie de terribles plagas hasta que, al fin, sobreviene el mayor de los desastres: las aguas del Nilo detiene su curso. La corriente que nutre y da sustento a la tierra ancestral de los faraones se seca por completo. Una cat&#xE1;strofe ha ocurrido en las distantes e inexploradas profundidades de &#xC1;frica donde nace el poderoso torrente. Desesperado, el Fara&#xF3;n manda llamar a Taita, &#xFA;nico capaz de abrirse paso hasta las fuentes para descubrir la causa de tantos males. Pero ninguno de ellos imagina cu&#xE1;n terrible es el enemigo que aguarda al brujo en esas tierras misteriosas del conf&#xED;n de su mundo. Impredecible, vibrante e impetuoso, el Soberano del Nilo conjuga aventuras, sensualidad y suspenso, a la vez que refuerza el poderoso im&#xE1;n de los arcanos de la civilizaci&#xF3;n m&#xE1;s herm&#xE9;tica de la antig&#xFC;edad. </subfield>
  </datafield>
  <datafield tag="590" ind1=" " ind2=" ">
    <subfield code="a">DONACION Victoria Lara mayo 2018</subfield>
  </datafield>
  <datafield tag="655" ind1=" " ind2=" ">
    <subfield code="a">Literatura</subfield>
    <subfield code="9">2917</subfield>
  </datafield>
  <datafield tag="942" ind1=" " ind2=" ">
    <subfield code="2">ddc</subfield>
    <subfield code="c">LIT</subfield>
  </datafield>
  <datafield tag="999" ind1=" " ind2=" ">
    <subfield code="c">2772</subfield>
    <subfield code="d">2772</subfield>
  </datafield>
  <datafield tag="952" ind1=" " ind2=" ">
    <subfield code="0">0</subfield>
    <subfield code="1">0</subfield>
    <subfield code="2">ddc</subfield>
    <subfield code="4">0</subfield>
    <subfield code="7">0</subfield>
    <subfield code="8">FIC</subfield>
    <subfield code="a">BFM</subfield>
    <subfield code="b">BFM</subfield>
    <subfield code="c">CR</subfield>
    <subfield code="d">2018-05-24</subfield>
    <subfield code="e">Donacion</subfield>
    <subfield code="l">0</subfield>
    <subfield code="o">808 79 SMI</subfield>
    <subfield code="p">4282</subfield>
    <subfield code="r">2018-05-24</subfield>
    <subfield code="t">Ej. 1</subfield>
    <subfield code="w">2018-05-24</subfield>
    <subfield code="y">LIT</subfield>
    <subfield code="z">DONACION Victoria Lara mayo 2018</subfield>
  </datafield>
</record>
